El laboratorio americano: arquitectura, geocultura y regionalismo

Guardat en:
Dades bibliogràfiques
Autor principal: Fernández, Roberto (Autor)
Format: Llibre
Idioma:espanyol
Publicat: Madrid Biblioteca Nueva 1998
Edició:1a. ed
Col·lecció:Colección Metrópoli. Los Espacios de la Arquitectura
Matèries:
Etiquetes: Afegir etiqueta
Sense etiquetes, Sigues el primer a etiquetar aquest registre!

MARC

LEADER 00000nam a2200000 a 4500
001 UCK1022
003 CL-VaPUC
008 041029e19980000SP |||||||||||||||||spa|d
020 |a 8470304631 
082 0 4 |a 720.1  |b FER  |2 21 
100 0 |a Fernández, Roberto  |e author  |9 488845 
245 1 3 |a El laboratorio americano: arquitectura, geocultura y regionalismo 
250 |a 1a. ed 
300 |a 316 p 
942 |c BK 
945 |d 20041029 00:00:00  |a cmena 
260 |a Madrid  |b Biblioteca Nueva  |c 1998 
650 0 |a Arquitectura  |9 804558 
650 0 |a Filosofía del arte  |9 264951 
650 0 |a Historia del arte  |9 314877 
650 0 |a Antropología cultural y social   |9 265143 
583 |a last modification  |c 20041029 00:00:00  |k Rodrigo Vera 
490 0 |a Colección Metrópoli. Los Espacios de la Arquitectura 
999 |c 311157  |d 311155 
952 |0 0  |1 0  |4 0  |6 720_100000000000000_FER_1998  |7 0  |8 A  |9 380434  |a BIBARQ  |b BIBARQ  |d 2019-11-21  |i 4073037  |o 720.1 FER 1998  |p 4073037  |r 2025-01-20  |w 2019-11-21  |y BK  |k ARQ